Welcome to CU Library Online Public Access Catalogue (OPAC)

Local Economic Development: (Record no. 4912)

MARC details
000 -LEADER
fixed length control field 00614nam a22001817a 4500
005 - DATE AND TIME OF LATEST TRANSACTION
control field 20250317190558.0
008 - FIXED-LENGTH DATA ELEMENTS--GENERAL INFORMATION
fixed length control field 250317b |||||||| |||| 00| 0 eng d
020 ## - INTERNATIONAL STANDARD BOOK NUMBER
International Standard Book Number 9280809989
050 ## - LIBRARY OF CONGRESS CALL NUMBER
Classification number HN49
Item number .C6 LOC
245 ## - TITLE STATEMENT
Title Local Economic Development:
Remainder of title A geographical comparison of rural community restructuring/
Statement of responsibility, etc. Edited by; Cecily Neil and Markku Tykkylainen
260 ## - PUBLICATION, DISTRIBUTION, ETC.
Place of publication, distribution, etc. New York
Name of publisher, distributor, etc. United Nations University Press
Date of publication, distribution, etc. 1998
300 ## - PHYSICAL DESCRIPTION
Extent xv. 365p.
Other physical details ill.
Dimensions 18 cm
500 ## - GENERAL NOTE
General note Includes Index
650 ## - SUBJECT ADDED ENTRY--TOPICAL TERM
Source of heading or term Economics
700 ## - ADDED ENTRY--PERSONAL NAME
Personal name Neil Cecily (editor)
700 ## - ADDED ENTRY--PERSONAL NAME
Personal name Tykkylainen Markku (editor)
942 ## - ADDED ENTRY ELEMENTS (KOHA)
Source of classification or shelving scheme Library of Congress Classification
Koha item type Books
Suppress in OPAC No
999 ## -
-- 4912
-- 4912
Holdings
Withdrawn status Lost status Source of classification or shelving scheme Damaged status Not for loan Collection Home library Current library Shelving location Date acquired Total checkouts Full call number Barcode Date last seen Copy number Price effective from Koha item type
    Library of Congress Classification     Non-fiction Business Library (Miotso) Business Library (Miotso) General stacks 03/17/2025   HN49 .C6 LOC BSSM00001459 03/17/2025 1 03/17/2025 Books
    Library of Congress Classification     Non-fiction Business Library (Miotso) Business Library (Miotso) General stacks 03/17/2025   HN49 .C6 LOC BSSM00001460 03/17/2025 2 03/17/2025 Books
© 2023-2024 Copyright: Central University Libraries. All Rights Reserved | Created by: Mahone Tech Office